[Event "FSIMA October"]
[Site "Budapest HUN"]
[Date "2009.10.12"]
[Round "9"]
[White "Dencsi,T"]
[Black "Roberts,P"]
[Result "1-0"]
[WhiteElo "2338"]
[BlackElo "2193"]

1.Nf3 d5 2.g3 c5 3.Bg2 Nf6 4.O-O Nc6 5.c4 e6 6.b3 Be7 7.Bb2 O-O 8.cxd5 exd5
9.d4 Be6 10.dxc5 Bxc5 11.Nc3 Rc8 12.Rc1 Be7 13.Nd4 Nxd4 14.Qxd4 Qa5 15.Rfd1 Bc5
16.Qd2 Rfd8 17.Ne4 Qxd2 18.Nxf6+ gxf6 19.Rxd2 Be7 20.Rdc2 Rxc2 21.Rxc2 Rd7
22.Bd4 b6 23.Rc6 Kg7 24.Bf3 Kg6 25.e3 Bf5 26.Rc8 Kg7 27.g4 Be4 28.Be2 Bd6
29.f3 Bb1 30.Rc1 Bg6 31.f4 Be4 32.g5 Kg6 33.Bxf6 Bc5 34.Kf2 Bf5 35.Rd1 Be4
36.Bd4 f5 37.gxf6 Bxd4 38.Rxd4 Kxf6 39.Bf3 Bxf3 40.Kxf3 Ke6 41.Rd2 Rc7 42.Rg2 a5
43.Rb2 Rc3 44.Ke2 Kf5 45.Kd2 d4 46.exd4 Rh3 47.Kd1 Kxf4 48.Rd2 Rh6 49.Kc2 Ke4
50.b4 Kd5 51.bxa5 bxa5 52.Kb3 Ra6 53.Ka4 Ra8 54.Kb5 a4 55.a3 Ra7 56.Rd1 Ra8
57.h4 Ra7 58.h5 h6 59.Rg1 Kxd4 60.Rg4+ Kd5 61.Rg6 Rb7+ 62.Kxa4 Ra7+ 63.Kb4 Rb7+
64.Ka5 Ra7+ 65.Ra6 Rh7 66.Kb5 Ke5 67.a4 Kf5 68.Rg6 Rb7+ 69.Ka6 Rb4 70.a5 Rh4
71.Rxh6 Kg5 72.Rh8 Rf4 73.Kb7 Rf7+ 74.Kb8 Rf6 75.Rh7 Ra6 76.Ra7 Rf6 77.Rd7 Kxh5
78.Kb7 Rf5 79.a6 Rb5+ 80.Kc6 Rb1 81.a7 Ra1 82.Kb7 Rb1+ 83.Kc8 Rc1+ 84.Kb8 Rb1+
85.Rb7  1-0

[Event "FSIMA October"]
[Site "Budapest HUN"]
[Date "2009.10.12"]
[Round "9"]
[White "Berczes,C"]
[Black "Adams,N"]
[Result "1-0"]
[WhiteElo "2368"]
[BlackElo "2221"]

1.Nf3 d5 2.g3 c5 3.Bg2 Nc6 4.d4 e6 5.O-O Nf6 6.c4 Be7 7.cxd5 exd5 8.dxc5 Bxc5
9.Nc3 d4 10.Na4 Be7 11.b3 Bf5 12.Bb2 d3 13.exd3 Qxd3 14.Qxd3 Bxd3 15.Rfd1 Be4
16.Rac1 O-O 17.Nc5 Bxc5 18.Rxc5 Rad8 19.Re1 Rfe8 20.Bxf6 gxf6 21.Nh4 Bxg2
22.Rxe8+ Rxe8 23.Kxg2 Rd8 24.Rc4 Rd2 25.Re4 Kf8 26.a4 Rb2 27.Nf5 Rxb3 28.Rh4 Kg8
29.Rh6 Ra3 30.Rxf6 Rxa4 31.h4 Re4 32.Rd6 Re8 33.Rd7 Rb8 34.f4 a5 35.Nh6+ Kg7
36.Nxf7 Kf6 37.Ng5 a4 38.Rf7+ Kg6 39.f5+ Kh5 40.Kh3  1-0

[Event "Chigorin Mem Open"]
[Site "St Petersburg RUS"]
[Date "2009.10.16"]
[Round "1"]
[White "Ju,E"]
[Black "Styazhkina,A"]
[Result "1-0"]
[WhiteElo "2285"]
[BlackElo "2059"]

1.Nf3 d5 2.g3 c6 3.Bg2 Bg4 4.d3 Nd7 5.O-O e6 6.b3 Bd6 7.Bb2 Ngf6 8.Nbd2 O-O
9.h3 Bh5 10.e4 Bc7 11.Qe1 Bxf3 12.Nxf3 c5 13.e5 Ne8 14.Nh2 Bb6 15.Kh1 Nc7
16.f4 Rb8 17.g4 Re8 18.Qg3 d4 19.h4 Kh8 20.h5 f6 21.Rae1 fxe5 22.fxe5 Qe7
23.Bc1 Rf8 24.Rxf8+ Nxf8 25.h6 Ne8 26.Be4 Bc7 27.g5 g6 28.Ng4 Nd7 29.Bf4 b5
30.Rf1 Nb6 31.Qf3 Rd8 32.Bg3 Kg8 33.Nf6+ Nxf6 34.exf6 Qf7 35.Bxc7 Qxc7 36.f7+ Kf8
37.Qf6  1-0

[Event "Arco Open A"]
[Site "Arco ITA"]
[Date "2009.10.17"]
[Round "1"]
[White "Giancotti,E"]
[Black "Facchetti,L"]
[Result "0-1"]
[WhiteElo "2109"]
[BlackElo "1836"]

1.Nf3 d5 2.g3 Nf6 3.Bg2 Nbd7 4.d4 e6 5.O-O Bd6 6.c4 c6 7.cxd5 exd5 8.Nc3 O-O
9.Qc2 Re8 10.Ne1 Qe7 11.Nd3 Nf8 12.Bf4 Bf5 13.Bxd6 Qxd6 14.e3 Ng4 15.Qd2 Qh6
16.h3 Nf6 17.g4 Bxg4 18.hxg4 Nxg4 19.Rfd1 Qh2+ 20.Kf1 Ng6 21.Bf3 Nh4 22.Ne1 Qh3+
23.Ke2 Nh2 24.Kd3 N2xf3 25.Nxf3 Nxf3 26.Qc1 Qf5+ 27.Ke2 h5 28.Na4 h4 29.Qb1 Qh5
30.Kd3 Qf5+ 31.Kc3 Qxb1 32.Raxb1 Re6 33.Nc5 Re7 34.b4 b5 35.Nd3 g5 36.Rbc1 Kg7
37.Nc5 h3 38.Rh1 h2 39.Kd3 f5 40.Nb3 Re6 41.Na5 Kg6 42.Ke2 Nxd4+ 43.Kf1 Nf3
44.Kg2 g4 45.Nxc6 a6 46.Nd4 Nxd4 47.exd4 Rh8 48.Rc5 Rd6 49.Rxh2 Rxh2+ 50.Kxh2 f4
51.Rc8 Kf5 52.Re8 Re6 53.Rg8 Re2 54.Kg1 Rxa2 55.Re8 g3 56.fxg3 fxg3 57.Kf1 g2+
58.Kg1 Kg4 59.Rh8 Kg3 60.Rh3+ Kf4  0-1

[Event "Unive Open"]
[Site "Hoogeveen NED"]
[Date "2009.10.17"]
[Round "2"]
[White "Romanishin,O"]
[Black "Van Kooten,L"]
[Result "1/2-1/2"]
[WhiteElo "2515"]
[BlackElo "2292"]

1.Nf3 d5 2.g3 Nf6 3.Bg2 c6 4.O-O Bg4 5.c4 e6 6.Ne5 Bh5 7.d4 Bd6 8.Nc3 O-O
9.Qb3 Qc7 10.Bf4 Nbd7 11.Nxd7 Qxd7 12.Bxd6 Qxd6 13.Qxb7 Rfb8 14.Qa6 Rb6 15.Qa5 Qb4
16.Qxb4 Rxb4 17.cxd5 cxd5 18.b3 Rxd4 19.Rfc1 Rb4 20.e3 Rd8 21.h3 h6 22.g4  1/2-1/2

[Event "Guernsey Open"]
[Site "Guernsey GCI"]
[Date "2009.10.18"]
[Round "1"]
[White "Hickman,J"]
[Black "Goessling,G"]
[Result "0-1"]
[WhiteElo "2006"]
[BlackElo "2277"]

1.Nf3 d5 2.g3 Bg4 3.Bg2 Nd7 4.d3 e5 5.e4 dxe4 6.dxe4 Ngf6 7.Nbd2 Bc5 8.O-O O-O
9.h3 Bh5 10.Qe1 Re8 11.b3 Qe7 12.a3 c6 13.Bb2 b5 14.b4 Bd6 15.c4 c5 16.cxb5 cxb4
17.a4 Rac8 18.Qb1 Nc5 19.Re1 Nfd7 20.Nc4 Bb8 21.Na5 Qe6 22.Nd2 Nb6 23.Bc1 Nbxa4
24.Re3 Nc3 25.Qxb4 Nd1 26.Rea3 Bd6 27.Ndc4 Bf8 28.Qe1 Red8 29.g4 Bg6 30.Bd2 Nd3
31.Qxd1 Bxa3 32.Nxa3 Qb6 33.Qe2 Nf4 34.Bxf4 exf4 35.Nc6 Rd7 36.Ne5 Qd4 37.Rb1 Qxe5
38.Nc4 Qd4 39.Na5 Qb6 40.Nc4 Qc7 41.Bf1 Rd4 42.Nd2 Qc2 43.Nb3 Qxe2 44.Bxe2 Rxe4
45.Bf3 Rb4  0-1

[Event "Chigorin Mem Open"]
[Site "St Petersburg RUS"]
[Date "2009.10.18"]
[Round "3"]
[White "Kozlov,M2"]
[Black "Balakirev,I"]
[Result "0-1"]
[WhiteElo "1956"]
[BlackElo "2255"]

1.Nf3 d5 2.g3 Nf6 3.Bg2 g6 4.O-O Bg7 5.d4 O-O 6.c3 Bf5 7.Qb3 Bc8 8.c4 c6
9.cxd5 Qxd5 10.Nc3 Qxb3 11.axb3 Be6 12.Ra3 Na6 13.Na4 Bd5 14.Nc5 Nxc5 15.dxc5 Ne4
16.b4 b6 17.cxb6 axb6 18.Rxa8 Rxa8 19.Ng5 Nxg5 20.Bxg5 Bxb2 21.e4 Bc4 22.Rb1 Bd4
23.Rc1 b5 24.Bxe7 Ra2 25.Bc5 Bxc5 26.bxc5 Bd3 27.e5 b4 28.Rd1 Bc2 29.Rd8+ Kg7
30.Bxc6 b3 31.Bd5 Ra1+ 32.Kg2 b2  0-1

[Event "Chigorin Mem Open"]
[Site "St Petersburg RUS"]
[Date "2009.10.18"]
[Round "3"]
[White "Kharashuta,E"]
[Black "Martynenko,Al"]
[Result "1-0"]
[WhiteElo "2257"]
[BlackElo "2033"]

1.Nf3 d5 2.g3 c5 3.Bg2 Nc6 4.d4 e6 5.O-O Nf6 6.c4 Be7 7.Nc3 O-O 8.cxd5 exd5
9.dxc5 Bxc5 10.Bg5 Be6 11.Bxf6 Qxf6 12.Nxd5 Qxb2 13.Nc7 Rad8 14.Qc1 Qxc1
15.Raxc1 Bb6 16.Nxe6 fxe6 17.e3 Nb4 18.Rc4 Nxa2 19.Ng5 Rd2 20.Nxe6 Rb8 21.Nf4 Bd8
22.Ra4 Nc3 23.Rxa7 b5 24.Ne6 b4 25.Rxg7+ Kh8 26.Rf7 Bb6 27.Bh3 b3 28.Ng5 Rd6
29.Rxh7+ Kg8 30.Bf5 b2 31.Nf7 Bc7 32.Nxd6 Bxd6 33.Rd7 Be5 34.Bb1 Ra8 35.Rb7 Ne2+
36.Kg2 Ra1 37.Rd1 Bf6 38.Rdd7 Ra8 39.Ba2+  1-0

[Event "Bundesliga 2009-10"]
[Site "Wattenscheid GER"]
[Date "2009.10.18"]
[Round "2"]
[White "Belezky,A"]
[Black "Janssen,Ru"]
[Result "0-1"]
[WhiteElo "2463"]
[BlackElo "2520"]

1.Nf3 d5 2.g3 Bg4 3.Bg2 Nd7 4.c4 e6 5.cxd5 exd5 6.d3 c6 7.Nc3 Ngf6 8.O-O Bc5
9.Qb3 b5 10.e4 dxe4 11.dxe4 O-O 12.h3 Bxf3 13.Bxf3 Ne5 14.Be2 b4 15.Na4 Bd4
16.Qc2 c5 17.Kg2 Rc8 18.f4 Nc6 19.Bf3 Nd7 20.e5 Qa5 21.a3 Qb5 22.axb4 cxb4
23.Qe4 Na5 24.Bd1 Qc6 25.Qxc6 Rxc6 26.Bd2 Nc4 27.Rc1 Rfc8 28.Bf3 R6c7 29.Rcd1 Bxb2
30.Nxb2 Nxb2 31.Rb1 Rc2 32.Rf2 Nd3 33.Re2 a5 34.Bg4 Rd8 35.e6 fxe6 36.Bxe6+ Kf8
37.Bf5 N7c5 38.Kf1 g6 39.Bxb4 gxf5 40.Rxc2 axb4 41.Rxb4 Nxb4 42.Rxc5 Nd5
43.Kf2 Kg7 44.Kf3 Ne7 45.Re5 Kf6 46.g4 Rd3+ 47.Re3 Rxe3+ 48.Kxe3 h5 49.gxh5 Nd5+
50.Kd4 Nxf4 51.h6 Ne6+ 52.Kd5 f4 53.Ke4 Kg6 54.Kf3 Kxh6 55.Kg4 Kg7 56.Kf3 Kf6
57.Kg4 Ke5 58.h4 Ke4 59.h5 f3 60.h6 Nf8 61.Kg3 Ke3 62.h7 Nxh7 63.Kh2 f2 64.Kg2 Ke2  0-1

[Event "Unive Open"]
[Site "Hoogeveen NED"]
[Date "2009.10.19"]
[Round "4"]
[White "Heemskerk,W"]
[Black "Hendriks,Ric"]
[Result "1/2-1/2"]
[WhiteElo "2236"]
[BlackElo "2117"]

1.Nf3 d5 2.g3 Nf6 3.Bg2 g6 4.d4 Bg7 5.c4 c6 6.Qb3 O-O 7.Nc3 dxc4 8.Qxc4 Be6
9.Qd3 h6 10.O-O Nbd7 11.Rd1 Nb6 12.e4 Bg4 13.h3 Bxf3 14.Qxf3 a5 15.Qe2 a4
16.Be3 e6 17.Rac1 Ra6 18.Nb1 Nfd7 19.Rxc6 bxc6 20.Qxa6 Qe7 21.Qe2 Qb4 22.Qd2 Qxd2
23.Nxd2 e5 24.dxe5 Bxe5 25.Bxh6 Ra8 26.b3 axb3 27.axb3 Ra2 28.Be3 Rc2 29.Nc4 Nxc4
30.bxc4 Nf8 31.Rc1 Ra2 32.f4 Ba1 33.e5 Ra6 34.h4 Ne6 35.Rd1 c5 36.Bd5 Nd4
37.Kg2 Ra2+ 38.Rd2 Ra3 39.Bf2 Kg7 40.g4 Ra5 41.Be4 Ra4 42.Bd3 Bc3 43.Rd1 Ra2
44.Kg3 Ne6 45.Be3 Nd4 46.h5 gxh5 47.gxh5 Ra3 48.Kg4 Ra2 49.Rg1 Ra3 50.Kh3+ Kh8
51.Rd1 Kg7 52.Bf2 Kh6 53.Kg4 Ra2 54.Kg3 Bd2 55.Kg4 Bc3 56.Be3 Kg7 57.f5 Nc6
58.h6+ Kh8 59.Bb1 Nxe5+ 60.Kf4 Ra8 61.Be4 Rg8 62.Bxc5 Rg4+ 63.Ke3 Nxc4+ 64.Kf3 Ne5+
65.Ke3 Nc4+ 66.Kf3  1/2-1/2

[Event "Chigorin Mem Open"]
[Site "St Petersburg RUS"]
[Date "2009.10.19"]
[Round "4"]
[White "Shchukin,D"]
[Black "Magomedov,Ma"]
[Result "1/2-1/2"]
[WhiteElo "2368"]
[BlackElo "2532"]

1.Nf3 d5 2.g3 Bg4 3.Bg2 c6 4.O-O Nd7 5.d3 Ngf6 6.c4 dxc4 7.dxc4 e5 8.Be3 Qc7
9.Nc3 Bc5 10.Qc1 Bxf3 11.Bxf3 O-O 12.Rd1 Rfe8 13.Ne4 Nxe4  1/2-1/2

[Event "Arco Open A"]
[Site "Arco ITA"]
[Date "2009.10.20"]
[Round "4"]
[White "Wagner,Frank"]
[Black "Giaracuni,C"]
[Result "1-0"]
[WhiteElo "1929"]
[BlackElo "1771"]

1.Nf3 d5 2.g3 Nf6 3.Bg2 Bf5 4.O-O e6 5.d3 Bd6 6.Nbd2 c5 7.c4 Nc6 8.Re1 d4
9.a3 Qc7 10.Rb1 h6 11.Qa4 O-O 12.b4 cxb4 13.axb4 e5 14.b5 Na5 15.Ba3 Bxa3
16.Qxa3 Rad8 17.Nxe5 b6 18.Nc6 Nxc6 19.Bxc6 a5 20.Rbc1 Bc8 21.c5 bxc5 22.Qxc5 Bb7
23.b6 Qxc6 24.Qxc6 Bxc6 25.Rxc6 Nd5 26.Nc4 a4 27.b7 Nc3 28.Nd6 Rxd6 29.Rxd6 a3
30.Rc6 a2 31.Rc8 Nxe2+ 32.Kf1  1-0

[Event "Guernsey Open"]
[Site "Guernsey GCI"]
[Date "2009.10.20"]
[Round "3"]
[White "Hickman,J"]
[Black "Staneland,P"]
[Result "0-1"]
[WhiteElo "2006"]
[BlackElo "1705"]

1.Nf3 d5 2.g3 c6 3.Bg2 Qc7 4.d3 e5 5.Nbd2 f5 6.e4 Nf6 7.Qe2 fxe4 8.dxe4 d4
9.Nc4 Bd6 10.O-O Bg4 11.h3 Bxf3 12.Nxd6+ Qxd6 13.Qxf3 O-O 14.Qb3+ Kh8 15.Qxb7 Nbd7
16.Qa6 Qc7 17.Bd2 c5 18.c3 Rab8 19.b3 Rb6 20.Qd3 c4 21.bxc4 Nc5 22.Qe2 d3
23.Qe3 Rd8 24.f4 Rb2 25.fxe5 Qxe5 26.Rf5 Qe7 27.e5 Nfe4 28.Bxe4 Nxe4 29.Qxe4 Rxd2
30.e6 Re2 31.Qf3 Rxe6 32.Rf1 Re1 33.Rd5 d2 34.Kg2 Rxf1 35.Qxf1 Rxd5 36.cxd5 Qe4+
37.Kh2 h6 38.d6 Qd5 39.Qd1 Qxd6 40.Kg2 Qd3 41.c4 Qe3 42.Kf1 Qxg3 43.Qxd2 Qxh3+
44.Kg1 Qg4+ 45.Kh1 Qxc4 46.Qf2 a5 47.Qd2 Qh4+ 48.Kg2 Qg5+ 49.Qxg5 hxg5 50.Kg3 Kh7
51.Kg4 Kg6 52.Kg3 Kf5  0-1

[Event "Chigorin Mem Open"]
[Site "St Petersburg RUS"]
[Date "2009.10.20"]
[Round "5"]
[White "Kharashuta,E"]
[Black "Sokolova,V"]
[Result "1-0"]
[WhiteElo "2257"]
[BlackElo "2087"]

1.Nf3 d5 2.g3 Nf6 3.Bg2 e6 4.O-O Be7 5.c4 O-O 6.d4 c6 7.Qc2 Nbd7 8.b3 b6
9.Rd1 Bb7 10.Nc3 Rc8 11.e4 h6 12.e5 Nh7 13.h4 Qc7 14.Qe2 Rfd8 15.Be3 dxc4
16.bxc4 c5 17.Nb5 Qb8 18.d5 exd5 19.cxd5 a6 20.Na3 Nxe5 21.Nxe5 Qxe5 22.d6 Bxg2
23.dxe7 Rxd1+ 24.Rxd1 Bd5 25.Nc4 Qe6 26.Rxd5 Qxd5 27.Nxb6 Qb7 28.Nxc8 Qxc8
29.Qxa6 Qb8 30.Qa5 Qe8 31.Qd8 Nf6 32.Bxc5 Kh7 33.Bd4  1-0

[Event "Chigorin Mem Open"]
[Site "St Petersburg RUS"]
[Date "2009.10.21"]
[Round "6"]
[White "Badmatsyrenov,O"]
[Black "Dolzhikova,K"]
[Result "1-0"]
[WhiteElo "2437"]
[BlackElo "2272"]

1.Nf3 d5 2.g3 Nf6 3.Bg2 Bg4 4.O-O c6 5.c4 e6 6.d3 Nbd7 7.Nc3 Be7 8.cxd5 exd5
9.h3 Bh5 10.Nh4 Bg6 11.e4 dxe4 12.dxe4 Nh5 13.Nf5 Bxf5 14.exf5 Nhf6 15.g4 O-O
16.g5 Ne8 17.Bf4 Nc5 18.Qg4 Qc8 19.Rad1 g6 20.Rfe1 gxf5 21.Qf3 Ne6 22.Be5 Bxg5
23.Qxf5 f6 24.Be4 Rf7 25.Bg3 Nf8 26.Qf3 Qxh3 27.Bf5 Qh6 28.Kg2 Nc7 29.Qg4 Qg7
30.Rh1 Ng6 31.Kf1 Raf8 32.Ne4 h6 33.Nd6 Re7 34.Bc2 Ne5 35.Qe4 Rd7 36.Nf5 Rxd1+
37.Bxd1 Qd7 38.Bb3+ Nd5 39.Nxh6+ Bxh6 40.Rxh6 Qg7 41.Bxd5+ cxd5 42.Qxd5+ Nf7
43.Rh4 b6 44.Qe6 f5 45.Qxf5 Nh6 46.Qe6+ Kh7 47.Bf4 Rf6 48.Qxf6  1-0

[Event "8th TCh-Eur w"]
[Site "Novi Sad SRB"]
[Date "2009.10.22"]
[Round "1"]
[White "Stojanovic,Andj"]
[Black "Stojanovic,MarijaR"]
[Result "1-0"]
[WhiteElo "2323"]
[BlackElo "2172"]

1.Nf3 d5 2.g3 Nf6 3.Bg2 Bf5 4.O-O c6 5.d3 h6 6.c4 e6 7.cxd5 exd5 8.Qb3 Qb6
9.Qc2 Be7 10.Nc3 O-O 11.e4 Bh7 12.e5 Nfd7 13.Be3 Qa6 14.Rfd1 Nc5 15.Bf1 Ne6
16.Qd2 Nd7 17.d4 Qb6 18.h4 a5 19.Bh3 Qd8 20.Nh2 Nb6 21.b3 Nc7 22.f4 f5 23.exf6 Bxf6
24.Nf3 a4 25.Ne5 axb3 26.axb3 Qe7 27.Na4 Nxa4 28.bxa4 Bxe5 29.dxe5 c5 30.Bg2 d4
31.Bf2 Ne6 32.Qa2 Ra7 33.Bd5 Bf5 34.a5 Kh8 35.Rac1 Rfa8 36.Be1 Nc7 37.Bf3 Bh7
38.Qa3 Ne6 39.Bd5 Qd7 40.Bxe6 Qxe6 41.Qxc5 d3 42.Qc4 Qf5 43.e6 Re8 44.e7 Rxe7
45.Qc8+ Qxc8 46.Rxc8+ Bg8 47.Rd8 Kh7 48.R8xd3 Be6 49.Re3 Re8 50.Bc3 Raa8
51.Rde1  1-0

[Event "WJun Girls"]
[Site "Puerto Madryn ARG"]
[Date "2009.10.22"]
[Round "1"]
[White "Gomes,Mary"]
[Black "Steil Antoni,F"]
[Result "0-1"]
[WhiteElo "2396"]
[BlackElo "2152"]

1.Nf3 d5 2.g3 Bg4 3.Bg2 Nd7 4.c4 dxc4 5.Na3 c6 6.Nxc4 Ngf6 7.d4 g6 8.Nce5 Nxe5
9.Nxe5 Be6 10.e4 Bg7 11.O-O O-O 12.Be3 Qc8 13.Re1 Rd8 14.Qc2 Ng4 15.Nxg4 Bxg4
16.f3 Bh3 17.Red1 Bxg2 18.Kxg2 Qe6 19.Bf2 Rd7 20.Qa4 a6 21.Rac1 Rad8 22.b3 h5
23.Rc5 Qf6 24.Qc4 h4 25.gxh4 Qf4 26.h5 e5 27.hxg6 Qg5+ 28.Bg3 Qxg6 29.d5 Bf8
30.Ra5 b5 31.Qc3 cxd5 32.exd5 Rxd5 33.Rxd5 Rxd5 34.b4 Rd4 35.a3 Qg5 36.Rxa6 Rd2+
37.Kf1 Rd4 38.Ra8 Qf5 39.Rc8 Rd3 40.Qc6 Rxf3+ 41.Kg2 Rxa3 42.Ra8 Rxa8 43.Qxa8 e4
44.Qa3 Bh6 45.Qc3 Qd7 46.Qf6 Qd2+ 47.Kh3 Bg7 48.Qe7 Qd5 49.Kg4 Qd1+ 50.Kh4 Qd5
51.Kg4 Kh7 52.Qh4+ Kg6 53.Bf4 Qd1+ 54.Kh3 Qf1+  0-1

[Event "Chigorin Mem Open"]
[Site "St Petersburg RUS"]
[Date "2009.10.22"]
[Round "7"]
[White "Ju Wenjun"]
[Black "Solovjova,V"]
[Result "1-0"]
[WhiteElo "2443"]
[BlackElo "2257"]

1.Nf3 d5 2.g3 c6 3.Bg2 Nf6 4.O-O Bf5 5.d3 e6 6.Nbd2 h6 7.b3 Be7 8.Bb2 O-O
9.c4 Nbd7 10.Qc2 Bh7 11.e4 a5 12.Rad1 b5 13.Ne5 Nxe5 14.Bxe5 a4 15.exd5 axb3
16.axb3 exd5 17.cxb5 cxb5 18.Nf3 Qd7 19.Qb2 Rfc8 20.Rfe1 Ra6 21.Bd4 Rca8
22.Ne5 Qd6 23.Rc1 Qb4 24.Bc3 Qd6 25.Bd4 Qb4 26.Bc3 Qd6 27.Ra1 Ne8 28.Rxa6 Rxa6
29.Qe2 Nc7 30.Qh5 Bg6 31.Nxg6 fxg6 32.Qg4 Kh7 33.Be5 Qe6 34.Qxe6 Rxe6 35.Bh3 Rc6
36.Bd7 Rc2 37.Bxc7 Bb4 38.Re5 Rxc7 39.Rxd5 Rc3 40.Rxb5 Rxb3 41.Be8 Rb1+ 42.Kg2 Rb2
43.h4 Bc3 44.Rxb2 Bxb2 45.Bf7 g5 46.h5 g4 47.f3 gxf3+ 48.Kxf3 g5 49.hxg6+ Kg7
50.g4 Bf6 51.Ke4 Kf8 52.Kd5 Ke7 53.d4 Kd7 54.Be6+ Ke7 55.Bf5 Bg7 56.Kc5 Kf6
57.d5 Ke7 58.d6+ Ke8 59.Kd5 Bc3 60.Ke6 Kf8 61.d7 Ba5 62.Kd6 Bd8 63.Kc6 Ba5
64.Kb7 Ke7 65.Kc8 Bb6 66.Bc2 Ba5 67.Ba4 Bb6 68.g7 Kf7 69.d8=Q Bxd8 70.Kxd8 Kxg7
71.Be8 Kf6 72.Bh5 Kg7 73.Ke7 Kh7 74.Kf7  1-0

[Event "17th TCh-Eur"]
[Site "Novi Sad SRB"]
[Date "2009.10.23"]
[Round "2"]
[White "Roiz,M"]
[Black "Pavasovic,D"]
[Result "1/2-1/2"]
[WhiteElo "2658"]
[BlackElo "2602"]

1.Nf3 d5 2.g3 Bg4 3.Bg2 Nd7 4.c4 e6 5.Qb3 Nc5 6.Qc2 c6 7.d3 Nf6 8.O-O a5
9.b3 Be7 10.Nbd2 O-O 11.Bb2 Nfd7 12.Rac1 Re8 13.Qb1 Bf6 14.Rfe1 h6 15.Qa1 Bxb2
16.Qxb2 Bf5 17.Qc3 Qe7 18.Ne5 Nxe5 19.Qxe5 Nd7 20.Qb2 Bg6  1/2-1/2

[Event "8th TCh-Eur w"]
[Site "Novi Sad SRB"]
[Date "2009.10.23"]
[Round "2"]
[White "Lauterbach,I"]
[Black "Savola,L"]
[Result "0-1"]
[WhiteElo "2163"]
[BlackElo "2090"]

1.Nf3 d5 2.g3 Nf6 3.Bg2 Bf5 4.d3 e6 5.O-O h6 6.c4 c6 7.Qb3 Qb6 8.Be3 Qxb3
9.axb3 a6 10.Nc3 Be7 11.Bd2 Bh7 12.Kh1 O-O 13.Na4 Nbd7 14.Ba5 Rab8 15.Nb6 Nxb6
16.Bxb6 Nd7 17.Bd4 Bd6 18.Bc3 e5 19.b4 d4 20.Bd2 f5 21.Ne1 e4 22.Bh3 Rbd8
23.Nc2 Be5 24.Ra5 Bc7 25.Ra3 Ne5 26.f4 exf3 27.exf3 f4 28.Bxf4 Rxf4 29.gxf4 Nxd3
30.Be6+ Kf8 31.f5 Nf4 32.Re1 Nxe6 33.fxe6 Ke7 34.Na1 d3 35.Nb3 Bf4 36.Rg1 g5
37.Raa1 d2 38.Rad1 Bc2 39.Nc5 Bxd1 40.Rxd1 Rd4 41.b3 b5 42.cxb5 axb5 43.Kg2 Rxb4
44.Kf2 Rd4 45.h3 Bd6 46.Ne4 Bb4 47.Ke3 Rd5 48.f4 gxf4+ 49.Kxf4 Kxe6 50.Ke3 c5
51.Nf2 c4 52.bxc4 bxc4 53.Ke4 c3 54.Rg1 Re5+ 55.Kd3 Bc5 56.Rg6+ Kf5 57.Rg2 Re3+
58.Kc2 Re2 59.Rg3 Bxf2 60.Rxc3 Be1 61.Kd1 Re4 62.Rc5+ Re5 63.Rc6 Ra5 64.Rd6 h5
65.Ke2 Ra1 66.Rd4 Kg5 67.Rd5+ Kh4 68.Rd3 d1=Q+ 69.Rxd1 Rxd1 70.Kxd1 Kxh3
71.Ke2 Kg2  0-1

[Event "WJun"]
[Site "Puerto Madryn ARG"]
[Date "2009.10.23"]
[Round "3"]
[White "Lenderman,A"]
[Black "Lovik,L"]
[Result "1-0"]
[WhiteElo "2542"]
[BlackElo "2320"]

1.Nf3 d5 2.g3 Nf6 3.Bg2 e6 4.O-O Bd6 5.c4 O-O 6.d4 c6 7.Nc3 Nbd7 8.Nd2 b6
9.e4 dxe4 10.Ndxe4 Nxe4 11.Nxe4 Bc7 12.d5 cxd5 13.cxd5 exd5 14.Qxd5 Rb8 15.Bg5 Qe8
16.Nd6 Qe5 17.Qxe5 Nxe5 18.Be7 Bg4 19.h3 Be6 20.Rfd1 b5 21.b3 Bb6 22.Kf1 Rfc8
23.Nxc8 Rxc8 24.Rd2 Bf5 25.Bd6 Rd8 26.Rad1 Bd3+ 27.Rxd3 Nxd3 28.Rxd3 Bc7
29.Bxc7 Rxd3 30.Ke1 Rc3 31.Bd6 Rc2 32.a3 g5 33.Be4 Rb2 34.Bc5 a5 35.Kd1 a4
36.bxa4 bxa4 37.Bc2 Rb5 38.Bb4 h5 39.Bxa4 Rf5 40.Ke2 h4 41.gxh4 gxh4 42.Bc2  1-0

[Event "Chigorin Mem Open"]
[Site "St Petersburg RUS"]
[Date "2009.10.23"]
[Round "8"]
[White "Agaragimov,D"]
[Black "Martynov,P1"]
[Result "1/2-1/2"]
[WhiteElo "2313"]
[BlackElo "2423"]

1.Nf3 d5 2.g3 Nf6 3.Bg2 Bg4 4.O-O c6 5.d3 Nbd7 6.Nbd2 e6 7.h3 Bh5 8.b3 Bd6
9.Bb2 O-O 10.e4 e5 11.Qe1 Re8 12.Nh4 Bg6 13.Kh1 Qc7 14.Qe2 Rac8 15.Bf3 Nc5
16.Bg2 Ne6 17.c3 Rcd8 18.Rfe1 Nc5 19.Qe3 Bf8 20.Nxg6 hxg6 21.Bf1 Qd7 22.Rad1 Qe6
23.Kg2 Rd7 24.Nf3 dxe4 25.Ng5 Qd6 26.dxe4 Qxd1 27.Rxd1 Rxd1 28.Bc4 Rd7 29.a4 b6
30.Qf3 Nb7 31.b4 Nd6 32.Bb3 b5 33.Bc1 Nh7 34.Nxh7 Kxh7 35.axb5 cxb5 36.Bd5 Rc7
37.h4 Kh8 38.h5 gxh5 39.Qxh5+ Kg8 40.Be3 Nc4 41.g4 Nxe3+ 42.fxe3 g5 43.Qxg5+ Kh8
44.Qh5+ Kg7 45.g5 Ree7 46.Qh6+ Kg8 47.Qg6+ Bg7 48.Qf5 Kf8 49.Qh7 Rxc3 50.g6 Ra3
51.gxf7 Rxf7 52.Bxf7 Kxf7 53.Qf5+ Kg8 54.Qg6 a5 55.Qe6+ Kh7 56.bxa5 Rxa5
57.Kf3 Ra3 58.Qf5+ Kg8 59.Qd7 b4 60.Qd6 Ra1 61.Qxb4 Rg1 62.Qc4+ Kh7 63.Qe6 Rg5
64.Ke2 Rg2+ 65.Kd3 Rg5 66.Qf7 Rg6 67.Qf5 Bh8 68.Kc4 Bg7 69.Kd5 Bh8  1/2-1/2

[Event "Chigorin Mem Open"]
[Site "St Petersburg RUS"]
[Date "2009.10.23"]
[Round "8"]
[White "Pischikov,V"]
[Black "Markevich,I"]
[Result "1/2-1/2"]
[WhiteElo "1959"]
[BlackElo "2157"]

1.Nf3 d5 2.g3 e6 3.Bg2 c5 4.c4 Nc6 5.O-O Nf6 6.b3 d4 7.e3 Be7 8.exd4 cxd4
9.d3 O-O 10.Ba3 Bxa3 11.Nxa3 e5 12.b4 Re8 13.b5 Nb4 14.Qb3 a5 15.Nd2 Qc7
16.Nc2 Bf5 17.Ne1 Nd7 18.Ne4 Bxe4 19.dxe4 Nc5 20.Qd1 d3 21.a3 d2 22.axb4 dxe1=R
23.Qxe1 Nd3 24.Qc3 Nxb4 25.Rfd1 Red8 26.c5 Rxd1+ 27.Rxd1 h6 28.Bh3 Rd8 29.Rxd8+ Qxd8
30.c6 bxc6 31.bxc6 Qc7 32.Bd7 Na6 33.Kg2 Nb8 34.Qb2 Nxd7 35.cxd7 Qxd7 36.Qb8+ Kh7
37.Qxe5 a4 38.Qc5 g6 39.h4 Qd3 40.Qe5 h5 41.Qe7 Qb3 42.e5 Qd5+ 43.Kg1 Qd1+
44.Kg2 Qd5+ 45.Kg1 Kg7 46.Qb4 Qb3 47.Qe7 Qb6 48.Kg2 Qc6+ 49.Kg1 Qa6 50.Qa3 Qa7
51.Kg2 Qd7 52.Qc5 f6 53.e6 Qxe6 54.Qa7+  1/2-1/2

[Event "8th TCh-Eur w"]
[Site "Novi Sad SRB"]
[Date "2009.10.24"]
[Round "3"]
[White "Stojanovic,Andj"]
[Black "Brunello,M"]
[Result "1/2-1/2"]
[WhiteElo "2323"]
[BlackElo "2162"]

1.Nf3 d5 2.g3 Nf6 3.Bg2 c6 4.O-O Bg4 5.d3 Nbd7 6.h3 Bh5 7.c4 dxc4 8.dxc4 e5
9.b3 Bc5 10.Nc3 a5 11.Na4 Ba7 12.Bb2 Qe7 13.Nh4 Bg6 14.Nxg6 hxg6 15.Qd2 Qe6
16.h4 e4 17.Bd4 Bb8 18.f4 exf3 19.exf3 O-O 20.Bf2 Qf5 21.Qg5 Bc7 22.Rad1 Rad8
23.Rfe1 Ne5 24.Qxf5 gxf5 25.Bd4 Rfe8 26.Kf2 b5 27.Bxe5 Rxd1 28.Rxd1 Rxe5
29.Nb2 Bb6+ 30.Kf1 Nh5 31.Bh3 Nxg3+ 32.Kg2 f4 33.Rd2 Re8 34.Bd7 Rd8 35.Rd3 bxc4
36.Nxc4 Bc7 37.Rd2 c5 38.Bg4 Rxd2+ 39.Nxd2 f5 40.Bh3 Be5 41.Nf1 g6 42.Nxg3 fxg3
43.h5 gxh5 44.a4 Kf7 45.Bxf5 Bf4 46.Bd7 Kf6 47.Bb5 Ke5 48.Bd7 Kd4 49.Be6 h4
50.Bd7 Kc3 51.Be6 Kc2 52.Bd5 Kd2 53.Be6 Ke3 54.Bd7  1/2-1/2

[Event "17th TCh-Eur"]
[Site "Novi Sad SRB"]
[Date "2009.10.24"]
[Round "3"]
[White "Neubauer,M"]
[Black "Galic,I2"]
[Result "1/2-1/2"]
[WhiteElo "2448"]
[BlackElo "2378"]

1.Nf3 d5 2.g3 g6 3.Bg2 Bg7 4.O-O Nf6 5.c4 c6 6.cxd5 cxd5 7.d4 Ne4 8.Nc3 Nc6
9.Qb3 e6 10.e3 Nxc3 11.Qxc3 O-O 12.b3 Re8 13.Bb2 Bd7 14.Rfc1 Rc8 15.Qd2 Bf8
16.Ne5 Nxe5 17.dxe5 Rxc1+ 18.Rxc1 Bc6 19.Bd4 a6 20.a4 Qe7 21.Bc5 Qg5 22.Qd4 Bg7
23.f4 Qd8 24.Bf1 Qd7 25.h4 Rc8 26.g4 Qd8 27.g5 h5 28.Bd3 Bd7 29.Rc2 Bf8 30.Bb6  1/2-1/2

[Event "TCh-SLO East 1st League"]
[Site "Sentjur SLO"]
[Date "2009.10.24"]
[Round "3"]
[White "Matko,M"]
[Black "Madl,I"]
[Result "1/2-1/2"]
[WhiteElo "2085"]
[BlackElo "2386"]

1.Nf3 d5 2.g3 Nf6 3.Bg2 c6 4.O-O Bf5 5.d3 h6 6.Nc3 e6 7.h3 Be7 8.Bd2 Bh7
9.Qc1 Nbd7 10.Re1 O-O 11.Rb1 a5 12.Nd1 e5 13.Nh2 Ne8 14.e4 dxe4 15.dxe4 Nd6
16.Bc3 Nb5 17.Ng4 Nxc3 18.Nxc3 Bc5 19.Qd2 Qe7 20.Rbd1 Rfd8 21.Qc1 b5 22.Ne3 Qf6
23.Re2 Nf8 24.Rxd8 Rxd8 25.Ncd1 Rd4 26.Nf5 Bxf5 27.exf5 Qxf5 28.Kh2 Qd7 29.Ne3 f5
30.c3 Rd6 31.Qc2 g6 32.b4 axb4 33.cxb4 Bd4 34.a4 bxa4 35.Qxa4 e4 36.Nc4 Re6
37.Rd2 Qd5 38.Qc2 Rf6 39.Na5 c5 40.Nb3 Ne6 41.Qc4  1/2-1/2

[Event "Open"]
[Site "Liberec CZE"]
[Date "2009.10.25"]
[Round "2"]
[White "Wojtczak,M"]
[Black "Selig,R"]
[Result "0-1"]
[WhiteElo "2251"]
[BlackElo "2023"]

1.Nf3 d5 2.g3 Nf6 3.Bg2 c6 4.O-O g6 5.d4 Bg7 6.c4 O-O 7.cxd5 cxd5 8.Nc3 Nc6
9.Ne5 Be6 10.Nxc6 bxc6 11.Bg5 Rb8 12.Qd2 Qa5 13.Nxd5 Qxd2 14.Nxe7+ Kh8 15.Bxd2 Rxb2
16.Rfd1 Bc4 17.Bf3 Re8 18.Nxc6 Bxe2 19.Bxe2 Rxe2 20.Bc3 Rbc2 21.Rac1 Rxf2
22.Be1 Rg2+ 23.Kf1 Ng4  0-1

[Event "17th TCh-Eur"]
[Site "Novi Sad SRB"]
[Date "2009.10.25"]
[Round "4"]
[White "Ribbegren,K"]
[Black "Thorfinnsson,Bj"]
[Result "0-1"]
[WhiteElo "2158"]
[BlackElo "2395"]

1.Nf3 d5 2.g3 e6 3.Bg2 Be7 4.d3 Nf6 5.O-O b6 6.Nbd2 Bb7 7.e4 c5 8.Re1 Qc7
9.c3 O-O 10.e5 Nfd7 11.Nf1 Nc6 12.Bf4 b5 13.h4 b4 14.Ne3 bxc3 15.bxc3 Qa5
16.c4 dxc4 17.Nxc4 Qa6 18.h5 Nb6 19.h6 Nxc4 20.hxg7 Rfd8 21.Ng5 Bxg5 22.Bxg5 N6xe5
23.Bf6 Bxg2 24.Kxg2 Qc6+ 25.Kh3 Rxd3 26.Qh5 Ng6 27.Qg4 Qf3  0-1

[Event "WJun"]
[Site "Puerto Madryn ARG"]
[Date "2009.10.25"]
[Round "5"]
[White "Taher,R"]
[Black "Garnelis,J"]
[Result "0-1"]
[WhiteElo "1946"]
[BlackElo "2228"]

1.Nf3 d5 2.g3 g6 3.Bg2 Bg7 4.O-O e5 5.d3 Ne7 6.Nbd2 O-O 7.e4 c6 8.Re1 Qc7
9.c3 Nd7 10.a3 Nc5 11.Qc2 dxe4 12.dxe4 Rd8 13.Bf1 a5 14.a4 h6 15.Nc4 Bg4
16.Be3 Nd7 17.Nfd2 Nc8 18.h3 Be6 19.Rad1 Ncb6 20.f4 exf4 21.gxf4 Bf8 22.Nxb6 Nxb6
23.Nf3 Nc4 24.Qf2 Nxe3 25.Qxe3 Rxd1 26.Rxd1 Bb3 27.Ra1 Rd8 28.Kh1 Qd7 29.h4 Qg4
30.Kh2 Bd1 31.Rxd1 Rxd1 32.Bh3 Bc5  0-1